书目信息 |
| 题名: |
图书馆学研究的本土化思考
|
|
| 作者: | 刘兹恒 著 | |
| 分册: | ||
| 出版信息: | 北京 北京图书馆出版社 2007 |
|
| 页数: | 243页 | |
| 开本: | 23cm | |
| 丛书名: | 当代中国图书馆学研究文库 | |
| 单 册: | ||
| 中图分类: | G250-53 | |
| 科图分类: | ||
| 主题词: | 图书馆学--文集 , 图书馆学 | |
| 电子资源: | ||
| ISBN: | 978-7-5013-3441-4 | |
| 000 | 01226oam2 2200301 450 | |
| 001 | 003606625 | |
| 005 | 20120612090438.75 | |
| 010 | @a978-7-5013-3441-4@dCNY38.00 | |
| 100 | @a20070327d2007 em y0chiy0110 ea | |
| 101 | 0 | @achi |
| 102 | @aCN@b110000 | |
| 105 | @ay z 000yy | |
| 106 | @ar | |
| 200 | 1 | @a图书馆学研究的本土化思考@9tu shu guan xue yan jiu de ben tu hua si kao@dOn the indigenization of library science research@f刘兹恒著@zeng |
| 210 | @a北京@c北京图书馆出版社@d2007 | |
| 215 | @a243页@d23cm | |
| 225 | 2 | @a当代中国图书馆学研究文库 |
| 300 | @a国家“十一五”重点图书出版规划项目 北京人天书店资助 | |
| 308 | @a丛书第一辑 | |
| 330 | @a本文集选收作者1986-2004年间公开发表的图书馆学论文27篇,内容主要集中在图书馆学基础理论和文献资源建设两个方面,不仅集中反映了作者在这个时期所取得的图书馆学研究成果,也在一定程度上反映出了世纪之交我国图书馆学研究者对图书馆事业发展和图书馆学研究的思考。 | |
| 461 | 0 | @12001 @a当代中国图书馆学研究文库 |
| 510 | 1 | @aOn the indigenization of library science research@zeng |
| 606 | 0 | @a图书馆学@j文集 |
| 606 | 0 | @a图书馆学 |
| 690 | @aG250-53@v4 | |
| 701 | 0 | @a刘兹恒@9liu zi heng@f(1955~)@4著 |
| 801 | 0 | @aCN@bNLC@c20071115 |
| 905 | @b539639-40@dG250-53@e136@f2 | |
| 图书馆学研究的本土化思考=On the indigenization of library science research/刘兹恒著.-北京:北京图书馆出版社,2007 |
| 243页;23cm.-(当代中国图书馆学研究文库) |
| 国家“十一五”重点图书出版规划项目 北京人天书店资助 |
| ISBN 978-7-5013-3441-4:CNY38.00 |
| 本文集选收作者1986-2004年间公开发表的图书馆学论文27篇,内容主要集中在图书馆学基础理论和文献资源建设两个方面,不仅集中反映了作者在这个时期所取得的图书馆学研究成果,也在一定程度上反映出了世纪之交我国图书馆学研究者对图书馆事业发展和图书馆学研究的思考。 |
| ● |
| 相关链接 |
|
|
|
|
正题名:图书馆学研究的本土化思考
索取号:G250-53/136
 
预约/预借
| 序号 | 登录号 | 条形码 | 馆藏地/架位号 | 状态 | 备注 |
| 1 | 539639 | 205396392 | 第一样本阅览室/ [索取号:G250-53/136] | 在馆 | |
| 2 | 539640 | 205396409 | 第四借阅区/ [索取号:G250-53/136] | 在馆 |